000
00368nam a2200145Ia 4500
008
191206s9999 xx 000 0 und d
020
_a
199111030
090
_a
PR92309B68
245
4
_a
The Arrivants: A new world trilogy
260
_a
Oxford University Press
260
_b
"Oxford paperbacks, 318"
260
_c
c1973
300
_a
275 p. 21 cm.
999
_c
17023
_d
17023